[Event "Jaen 20th op"]
[Site "Jaen"]
[Date "2010.01.31"]
[Round "8.7"]
[White "Vazquez Igarza, Renier"]
[Black "Zlotnik, Boris A"]
[Result "1-0"]
[WhiteElo "2560"]
[BlackElo "2442"]
[PlyCount "85"]
[EventDate "2010.01.31"]
[EventType "swiss (rapid)"]
[EventCountry "ESP"]
[SourceTitle "EXT 2024"]
[Source "ChessBase"]
[SourceDate "2023.10.10"]
[SourceVersion "1"]
[SourceVersionDate "2023.10.10"]
[SourceQuality "1"]

1. d4 Nf6 2. c4 e6 3. Nf3 d5 4. Nc3 Be7 5. Bf4 0-0 6. e3 Nbd7 7. a3 dxc4 8. Bxc4 c5 9. dxc5 Nxc5 10. Qe2 Nce4 11. Nxe4 Nxe4 12. 0-0 Bd6 13. Rfd1 Qe7 14. Rd4 Bxf4 15. exf4 Nd6 16. Rad1 Nf5 17. R4d2 a6 18. Bd3 Qc7 19. g3 Rb8 20. Ne5 f6 21. Nd7 Bxd7 22. Bxf5 Bb5 23. Bxe6+ Kh8 24. Qe3 Rbe8 25. f5 Re7 26. h4 Rfe8 27. Rd6 Qc2 28. Qd4 Qe2 29. Rd8 h5 30. Rxe8+ Rxe8 31. Bf7 Ba4 32. Qxa4 b5 33. Qd4 Qc4 34. Be6 Qe2 35. Qd2 Qf3 36. Bd5 Qe2 37. Be6 Qf3 38. Qd4 Rf8 39. Qe3 Rd8 40. Kh2 Rd2 41. Kg1 Rd4 42. Ra1 Rf4 43. gxf4 1-0

[Event "Jaen 20th op"]
[Site "Jaen"]
[Date "2010.01.31"]
[Round "7.5"]
[White "Zlotnik, Boris A"]
[Black "Krasenkow, Michal"]
[Result "1/2-1/2"]
[WhiteElo "2442"]
[BlackElo "2656"]
[PlyCount "72"]
[EventDate "2010.01.31"]
[EventType "swiss (rapid)"]
[EventCountry "ESP"]
[SourceTitle "EXT 2024"]
[Source "ChessBase"]
[SourceDate "2023.10.10"]
[SourceVersion "1"]
[SourceVersionDate "2023.10.10"]
[SourceQuality "1"]

1. d4 Nf6 2. c4 g6 3. Nf3 Bg7 4. Qc2 c5 5. d5 d6 6. Nc3 0-0 7. e4 e6 8. Be2 exd5 9. cxd5 Bg4 10. 0-0 a6 11. Bf4 b5 12. h3 Bxf3 13. Bxf3 Qb6 14. a4 Nbd7 15. Be2 c4 16. Be3 Qb7 17. axb5 axb5 18. Rxa8 Rxa8 19. b4 Ra3 20. Bd4 Qa6 21. Rb1 Nb6 22. Qc1 Nfd7 23. Bxg7 Kxg7 24. Nxb5 Ra2 25. Bxc4 Nxc4 26. Qxc4 Ne5 27. Qf1 Qb6 28. Nc3 Rc2 29. Rc1 Rd2 30. Rd1 Rc2 31. Rc1 Rd2 32. Qe1 Rd4 33. Rb1 Qxb4 34. Rc1 Rd2 35. Nb1 Qb6 36. Qd1 Qd8 1/2-1/2

[Event "Salamanca"]
[Site "Salamanca"]
[Date "2005.07.12"]
[Round "3"]
[White "Romero Holmes, Alfonso"]
[Black "Zlotnik, Boris A"]
[Result "1-0"]
[WhiteElo "2503"]
[BlackElo "2434"]
[PlyCount "71"]
[EventDate "2005.07.10"]
[EventType "tourn"]
[EventRounds "9"]
[EventCountry "ESP"]
[EventCategory "7"]
[SourceTitle "CBM 107 Extra"]
[Source "ChessBase"]
[SourceDate "2005.09.01"]
[SourceVersion "1"]
[SourceVersionDate "2005.09.01"]
[SourceQuality "1"]

1. e4 e6 2. Nc3 d5 3. Nf3 Nf6 4. e5 Nfd7 5. d4 c5 6. dxc5 Nc6 7. Bf4 Bxc5 8. Bd3 f6 9. exf6 Nxf6 10. Qe2 0-0 11. 0-0-0 Bd7 12. Ne5 Qe7 13. Rhe1 Nxe5 14. Bxe5 Bc6 15. g4 Nd7 16. Bg3 Rae8 17. a3 Qf6 18. Qd2 a6 19. f4 Bd6 20. g5 Qd8 21. Bf1 Nb6 22. Ne4 Be7 23. Qa5 Nd7 24. Qxd8 Bxd8 25. Nd6 Re7 26. Bh3 Nc5 27. Bf2 Bb6 28. f5 e5 29. f6 gxf6 30. gxf6 Rc7 31. f7+ Kg7 32. Rg1+ Kh8 33. Bg3 Re7 34. Nc8 Rfxf7 35. Nxb6 d4 36. Nc8 1-0

[Event "El Sauzal op 5th"]
[Site "El Sauzal"]
[Date "2004.11.07"]
[Round "7"]
[White "Lalic, Bogdan"]
[Black "Zlotnik, Boris A"]
[Result "1-0"]
[WhiteElo "2515"]
[BlackElo "2424"]
[PlyCount "57"]
[EventDate "2004.11.06"]
[EventType "swiss (rapid)"]
[EventRounds "9"]
[EventCountry "ESP"]
[SourceTitle "CBM 103 Extra"]
[Source "ChessBase"]
[SourceDate "2005.01.01"]
[SourceVersion "1"]
[SourceVersionDate "2005.01.01"]
[SourceQuality "1"]

1. d4 Nf6 2. c4 g6 3. Nc3 Bg7 4. e4 d6 5. f3 0-0 6. Nge2 c6 7. Be3 e5 8. d5 cxd5 9. cxd5 Ne8 10. Qd2 f5 11. 0-0-0 Na6 12. Kb1 Bd7 13. Nc1 Nc5 14. Bxc5 dxc5 15. d6 Kh8 16. h4 Rf6 17. Nd5 Rxd6 18. h5 gxh5 19. Nd3 c4 20. Nc5 Bc6 21. Bxc4 Rc8 22. Nd3 h4 23. Qf2 Ba4 24. Bb3 Bb5 25. a4 Bxd3+ 26. Rxd3 fxe4 27. fxe4 Qa5 28. Qf7 Nf6 29. Qxb7 1-0

[Event "El Sauzal op 5th"]
[Site "El Sauzal"]
[Date "2004.11.06"]
[Round "4"]
[White "Zlotnik, Boris A"]
[Black "Diaz Franco, Francisco Jorge"]
[Result "1-0"]
[WhiteElo "2424"]
[BlackElo "2078"]
[PlyCount "57"]
[EventDate "2004.11.06"]
[EventType "swiss (rapid)"]
[EventRounds "9"]
[EventCountry "ESP"]
[SourceTitle "CBM 103 Extra"]
[Source "ChessBase"]
[SourceDate "2005.01.01"]
[SourceVersion "1"]
[SourceVersionDate "2005.01.01"]
[SourceQuality "1"]

1. d4 Nf6 2. c4 e6 3. Nc3 Bb4 4. Qc2 0-0 5. a3 Bxc3+ 6. Qxc3 Ne4 7. Qc2 f5 8. Nf3 d6 9. g3 Nd7 10. Bg2 Ndf6 11. 0-0 c5 12. dxc5 Nxc5 13. b4 Nce4 14. Bb2 Qc7 15. Nd4 e5 16. Nb5 Qb6 17. Rad1 Rd8 18. Nxd6 Nxd6 19. c5 Qb5 20. Qb3+ Kf8 21. Bxe5 Nf7 22. Rxd8+ Nxd8 23. a4 Qxe2 24. Bd6+ Ke8 25. Qc3 Be6 26. Re1 Qh5 27. c6 bxc6 28. Bxc6+ Nxc6 29. Qxc6+ 1-0

[Event "San Sebastian de los Reyes 3rd"]
[Site "San Sebastian"]
[Date "2004.04.09"]
[Round "9.3"]
[White "Camarena Gimenez, Rufino"]
[Black "Zlotnik, Boris A"]
[Result "1/2-1/2"]
[WhiteElo "2348"]
[BlackElo "2424"]
[PlyCount "26"]
[EventDate "2004.04.03"]
[EventType "tourn"]
[EventRounds "9"]
[EventCountry "ESP"]
[EventCategory "5"]
[SourceTitle "CBM 099 Extra"]
[Source "ChessBase"]
[SourceDate "2004.05.04"]
[SourceVersion "1"]
[SourceVersionDate "2004.05.04"]
[SourceQuality "1"]

1. d4 Nf6 2. c4 g6 3. Nc3 Bg7 4. e4 d6 5. Be2 0-0 6. Nf3 e5 7. dxe5 dxe5 8. Qxd8 Rxd8 9. Bg5 Na6 10. Nxe5 Re8 11. f4 h6 12. Bxf6 Bxf6 13. 0-0-0 Bxe5 1/2-1/2

[Event "San Sebastian de los Reyes 3rd"]
[Site "San Sebastian"]
[Date "2004.04.05"]
[Round "4.5"]
[White "Escobar Forero, Alder"]
[Black "Zlotnik, Boris A"]
[Result "1/2-1/2"]
[WhiteElo "2405"]
[BlackElo "2424"]
[PlyCount "37"]
[EventDate "2004.04.03"]
[EventType "tourn"]
[EventRounds "9"]
[EventCountry "ESP"]
[EventCategory "5"]
[SourceTitle "CBM 099 Extra"]
[Source "ChessBase"]
[SourceDate "2004.05.04"]
[SourceVersion "1"]
[SourceVersionDate "2004.05.04"]
[SourceQuality "1"]

1. e4 e6 2. d4 d5 3. Nc3 Bb4 4. e5 c5 5. a3 Bxc3+ 6. bxc3 Ne7 7. Nf3 Qc7 8. a4 h6 9. Bd3 b6 10. 0-0 Ba6 11. Ba3 Bxd3 12. cxd3 Nd7 13. dxc5 bxc5 14. d4 0-0 15. c4 Rfc8 16. Rc1 Qa5 17. dxc5 Nxc5 18. Nd4 a6 19. Bxc5 1/2-1/2

[Event "San Sebastian de los Reyes 3rd"]
[Site "San Sebastian"]
[Date "2004.04.04"]
[Round "2.4"]
[White "Mascaro March, Pedro"]
[Black "Zlotnik, Boris A"]
[Result "0-1"]
[WhiteElo "2309"]
[BlackElo "2424"]
[PlyCount "78"]
[EventDate "2004.04.03"]
[EventType "tourn"]
[EventRounds "9"]
[EventCountry "ESP"]
[EventCategory "5"]
[SourceTitle "CBM 099 Extra"]
[Source "ChessBase"]
[SourceDate "2004.05.04"]
[SourceVersion "1"]
[SourceVersionDate "2004.05.04"]
[SourceQuality "1"]

1. d4 Nf6 2. c4 e6 3. Nc3 Bb4 4. Qc2 0-0 5. a3 Bxc3+ 6. Qxc3 b6 7. Bg5 Ba6 8. e3 d6 9. Bd3 Nbd7 10. Nf3 c5 11. b4 cxd4 12. exd4 Rc8 13. Qb3 h6 14. Bxf6 Qxf6 15. Qa4 Nb8 16. 0-0 Rc7 17. Rfd1 Rfc8 18. Rac1 b5 19. Qa5 bxc4 20. Nd2 Qg5 21. d5 Qxd5 22. Qxd5 exd5 23. Bf5 Re8 24. Nf1 Bb7 25. Ne3 Re5 26. Rc3 Rce7 27. Bg4 Na6 28. Rcc1 Nc7 29. Nf5 R7e6 30. g3 Rf6 31. Nd4 a6 32. a4 Ne6 33. f4 Nxd4 34. Rxd4 Re3 35. Kf2 Rb3 36. Re1 Rxb4 37. Re8+ Kh7 38. Rb8 a5 39. Bf3 Re6 0-1

[Event "Villa de Albox 4th"]
[Site "Almeria"]
[Date "2003.07.??"]
[Round "?"]
[White "Suba, Mihai"]
[Black "Zlotnik, Boris A"]
[Result "1-0"]
[WhiteElo "2498"]
[BlackElo "2419"]
[PlyCount "81"]
[EventDate "2003.07.20"]
[EventType "tourn"]
[EventRounds "7"]
[EventCountry "ESP"]
[EventCategory "11"]
[SourceTitle "CBM 095 Extra"]
[Source "ChessBase"]
[SourceDate "2003.09.04"]
[SourceVersion "1"]
[SourceVersionDate "2003.09.04"]
[SourceQuality "1"]

1. c4 Nf6 2. Nf3 g6 3. g3 Bg7 4. Bg2 0-0 5. 0-0 d6 6. Nc3 Nc6 7. d3 a6 8. a3 Rb8 9. Rb1 Bd7 10. b4 b5 11. h3 Qc8 12. Kh2 bxc4 13. dxc4 Bf5 14. Rb3 Be6 15. Ng5 Bd7 16. Be3 Ne5 17. Nd5 Nxd5 18. cxd5 Ba4 19. Qb1 Bxb3 20. Qxb3 Qb7 21. f4 Nd7 22. Rc1 Nf6 23. Bf3 a5 24. Bd2 axb4 25. a4 Rfc8 26. Kg2 h6 27. Ne4 Nd7 28. Rc4 Qa6 29. g4 Ra8 30. Rxb4 Rcb8 31. a5 Rxb4 32. Qxb4 Rb8 33. Qa4 Qb5 34. Qc2 Nc5 35. Nxc5 Qxc5 36. Qxc5 dxc5 37. d6 c4 38. dxe7 Bd4 39. Bc6 c3 40. Bc1 Kg7 41. e8Q 1-0

[Event "Narciso Yepes op"]
[Site "Lorca"]
[Date "2001.06.29"]
[Round "9"]
[White "Zlotnik, Boris A"]
[Black "Carrasco Martinez, Juan Manuel"]
[Result "0-1"]
[WhiteElo "2410"]
[BlackElo "2341"]
[PlyCount "130"]
[EventDate "2001.06.25"]
[EventType "swiss"]
[EventRounds "9"]
[EventCountry "ESP"]
[SourceTitle "EXT 2002"]
[Source "ChessBase"]
[SourceDate "2001.11.25"]
[SourceVersion "1"]
[SourceVersionDate "2001.11.25"]
[SourceQuality "1"]

1. d4 Nf6 2. c4 c5 3. d5 b5 4. cxb5 a6 5. bxa6 g6 6. Nc3 Bxa6 7. e4 Bxf1 8. Kxf1 d6 9. g3 Bg7 10. Kg2 Nbd7 11. Nf3 0-0 12. h3 Qa5 13. Re1 Rfb8 14. Re2 Ne8 15. Rc2 Nb6 16. Qe2 Qa6 17. Qxa6 Rxa6 18. b3 f5 19. exf5 gxf5 20. Bb2 Bxc3 21. Bxc3 Nxd5 22. Re1 Nec7 23. Ree2 Rba8 24. a4 Rb8 25. Nd2 Kf7 26. f4 h5 27. Kf3 Ne6 28. Ba1 h4 29. Rc4 hxg3 30. Rg2 Rb4 31. Rxg3 Ndxf4 32. h4 d5 33. Rxb4 cxb4 34. Rg5 Nxg5+ 35. Kxf4 Ne4 36. Nf3 e6 37. h5 Nc5 38. Ng5+ Kg8 39. h6 e5+ 40. Kxe5 Rxh6 41. Kxd5 Nxb3 42. Be5 Rb6 43. Nf3 Ra6 44. Kc4 Rxa4 45. Kb5 Ra8 46. Kxb4 Nc1 47. Kc3 Kf7 48. Kd2 Nb3+ 49. Ke3 Ra4 50. Bc7 Nc5 51. Bd6 Ne4 52. Bb8 Nf6 53. Ne5+ Ke6 54. Nd3 Ra3 55. Kd4 Ra4+ 56. Ke3 Ng4+ 57. Kf3 Ra3 58. Ke2 Kd5 59. Bc7 Ra7 60. Bb8 Re7+ 61. Kf1 Ke4 62. Bd6 Rg7 63. Nf4 Kf3 64. Ke1 Rd7 65. Bb8 Ne3 0-1

[Event "Narciso Yepes op"]
[Site "Lorca"]
[Date "2001.06.27"]
[Round "4"]
[White "Rustemov, Alexander"]
[Black "Zlotnik, Boris A"]
[Result "1-0"]
[WhiteElo "2625"]
[BlackElo "2410"]
[PlyCount "153"]
[EventDate "2001.06.25"]
[EventType "swiss"]
[EventRounds "9"]
[EventCountry "ESP"]
[SourceTitle "EXT 2002"]
[Source "ChessBase"]
[SourceDate "2001.11.25"]
[SourceVersion "1"]
[SourceVersionDate "2001.11.25"]
[SourceQuality "1"]

1. Nf3 d5 2. d4 Nf6 3. c4 e6 4. Nc3 c5 5. cxd5 Nxd5 6. e4 Nxc3 7. bxc3 cxd4 8. cxd4 Bb4+ 9. Bd2 Bxd2+ 10. Qxd2 0-0 11. Rd1 b6 12. h4 Bb7 13. Qf4 Nc6 14. Bc4 Rc8 15. 0-0 Nb4 16. Rc1 b5 17. Bxb5 Rxc1 18. Rxc1 Nxa2 19. Rc5 Nb4 20. Qe3 a5 21. h5 h6 22. Ne5 Qe7 23. f3 Rc8 24. Qc3 Rxc5 25. Qxc5 Qxc5 26. dxc5 Kf8 27. c6 Bc8 28. c7 Ke7 29. Nc4 Na6 30. Nb6 Nxc7 31. Nxc8+ Kf6 32. Ba4 Na6 33. Nb6 Kg5 34. Be8 f5 35. e5 Nc7 36. Bg6 a4 37. Nxa4 Kf4 38. Kf2 Kxe5 39. Nc3 Kd4 40. Ne2+ Ke5 41. g4 Nd5 42. Kg3 Ne7 43. Nf4 Kf6 44. Be8 e5 45. Ng6 Nd5 46. Bc6 Nc7 47. Nh4 fxg4 48. fxg4 Ne6 49. Be4 Nf4 50. Nf3 Ne2+ 51. Kh4 Nc3 52. Nd2 Ne2 53. Bg6 Ke7 54. Ne4 Nd4 55. Kg3 Ne2+ 56. Kf3 Nd4+ 57. Ke3 Ke6 58. Nd2 Kf6 59. Nf3 Ne6 60. Ke4 Nc5+ 61. Kd5 Na4 62. Nxe5 Nc3+ 63. Kd4 Ne2+ 64. Ke3 Nc3 65. Nf3 Nd5+ 66. Ke4 Nc3+ 67. Kf4 Nd5+ 68. Kg3 Nc7 69. Nd4 Na8 70. Nb5 Nb6 71. Nd6 Ke7 72. Ne8 Kf8 73. Kf4 Nd5+ 74. Ke4 Ne7 75. Nc7 Ng8 76. Ne6+ Ke7 77. Kf5 1-0

[Event "Mallorca op"]
[Site "Mallorca"]
[Date "2000.12.04"]
[Round "3"]
[White "Kovacevic, Aleksandar"]
[Black "Zlotnik, Boris A"]
[Result "1-0"]
[WhiteElo "2513"]
[BlackElo "2419"]
[PlyCount "89"]
[EventDate "2000.12.02"]
[EventType "swiss"]
[EventRounds "9"]
[EventCountry "ESP"]
[SourceTitle "CBM 079 Extra"]
[Source "ChessBase"]
[SourceDate "2001.01.11"]
[SourceVersion "2"]
[SourceVersionDate "2001.01.25"]
[SourceQuality "1"]

1. e4 e6 2. d4 d5 3. Nc3 Bb4 4. e5 c5 5. a3 Bxc3+ 6. bxc3 Qc7 7. Qg4 f5 8. Qh5+ g6 9. Qd1 Bd7 10. Nf3 Ba4 11. Bd3 cxd4 12. cxd4 Qc3+ 13. Bd2 Qxd3 14. cxd3 Bxd1 15. Kxd1 Nc6 16. Rb1 b6 17. h4 h6 18. Ke2 Nge7 19. Rhc1 Kd7 20. g3 Nd8 21. a4 Nf7 22. a5 Rab8 23. axb6 axb6 24. Rc2 Rb7 25. Rcb2 Rhb8 26. Ne1 Nc6 27. Nc2 Kc7 28. Rc1 Kd7 29. Rcb1 Ke7 30. Nb4 Nxb4 31. Bxb4+ Kd7 32. Ke3 Kd8 33. f3 h5 34. Kf4 Kd7 35. Rb3 Kc6 36. Rc3+ Kd7 37. Rbc1 Ra8 38. Bd6 Raa7 39. Rc8 Nxd6 40. exd6 b5 41. Ke5 b4 42. Rg8 b3 43. Rcc8 Rc7 44. Rxc7+ Rxc7 45. Rg7+ 1-0

[Event "Mallorca op"]
[Site "Mallorca"]
[Date "2000.12.03"]
[Round "2"]
[White "Zlotnik, Boris A"]
[Black "Juan Mas, Santiago"]
[Result "1-0"]
[WhiteElo "2419"]
[BlackElo "2083"]
[PlyCount "62"]
[EventDate "2000.12.02"]
[EventType "swiss"]
[EventRounds "9"]
[EventCountry "ESP"]
[SourceTitle "CBM 079 Extra"]
[Source "ChessBase"]
[SourceDate "2001.01.11"]
[SourceVersion "2"]
[SourceVersionDate "2001.01.25"]
[SourceQuality "1"]

1. d4 Nf6 2. c4 g6 3. Nc3 Bg7 4. e4 0-0 5. Be2 d6 6. Nf3 Nbd7 7. e5 dxe5 8. dxe5 Ng4 9. e6 Nde5 10. exf7+ Nxf7 11. 0-0 Bf5 12. Qb3 Qc8 13. c5 Be6 14. Bc4 Bxc4 15. Qxc4 Kh8 16. Bf4 Qf5 17. Rae1 e5 18. Bg3 Rae8 19. Re2 e4 20. Rxe4 Rxe4 21. Nxe4 Re8 22. Ned2 Nge5 23. Qb5 Qc8 24. h3 Nxf3+ 25. Nxf3 Nh6 26. c6 bxc6 27. Qxc6 Nf5 28. Bf4 Re7 29. Rd1 Bxb2 30. Bg5 Qe8 31. Qb7 Rf7 1-0

[Event "ESP-chT"]
[Site "Barcelona"]
[Date "2000.08.06"]
[Round "2"]
[White "Granados Gomez, Manuel"]
[Black "Zlotnik, Boris A"]
[Result "1/2-1/2"]
[WhiteElo "2408"]
[BlackElo "2419"]
[PlyCount "102"]
[EventDate "2000.08.05"]
[EventType "team"]
[EventRounds "9"]
[EventCountry "ESP"]
[SourceTitle "CBM 077 Extra"]
[Source "ChessBase"]
[SourceDate "2000.09.14"]
[SourceVersion "1"]
[SourceVersionDate "2000.09.14"]
[SourceQuality "1"]

1. d4 e6 2. Nf3 Nf6 3. Bg5 c5 4. e3 Qb6 5. Nbd2 Qxb2 6. Bxf6 gxf6 7. Bd3 cxd4 8. exd4 Nc6 9. Rb1 Qa3 10. 0-0 Nb4 11. Bc4 b6 12. Rb3 Qa5 13. a3 Nd5 14. Ne4 Be7 15. Nfd2 Nc7 16. Qf3 d5 17. Nxf6+ Kd8 18. Rc3 dxc4 19. Nxc4 Bb7 20. Qg3 Qxc3 21. Qxc3 Bxf6 22. Nd6 Bd5 23. Nxf7+ Kd7 24. Ne5+ Kc8 25. Qe3 Rg8 26. g3 b5 27. Nd3 Bc4 28. Rd1 Rd8 29. Nc5 Rb8 30. c3 Rb6 31. Rb1 Be7 32. a4 bxa4 33. Rxb6 axb6 34. Nxa4 Rd6 35. Qh6 Nd5 36. Qxh7 Rc6 37. Nb2 Bb3 38. c4 Bxc4 39. Nxc4 Rxc4 40. h4 b5 41. h5 b4 42. Qd3 Rc6 43. h6 Rb6 44. h7 Bf6 45. Qg6 b3 46. Qxf6 Nxf6 47. h8Q+ Kb7 48. Qxf6 b2 49. Qe7+ Ka6 50. Qa3+ Kb7 51. Qf3+ Ka7 1/2-1/2

[Event "Porto op 12th"]
[Site "Porto"]
[Date "2000.07.25"]
[Round "4"]
[White "Frois, Antonio"]
[Black "Zlotnik, Boris A"]
[Result "1/2-1/2"]
[WhiteElo "2346"]
[BlackElo "2419"]
[PlyCount "54"]
[EventDate "2000.07.22"]
[EventType "swiss"]
[EventRounds "9"]
[EventCountry "POR"]
[SourceTitle "EXT 2001"]
[Source "ChessBase"]
[SourceDate "2000.11.22"]
[SourceVersion "1"]
[SourceVersionDate "2000.11.22"]
[SourceQuality "1"]

1. Nf3 Nf6 2. c4 d6 3. d4 g6 4. Nc3 Bg7 5. Bg5 h6 6. Bh4 c6 7. e3 a6 8. Be2 b5 9. a3 bxc4 10. Bxc4 Nbd7 11. 0-0 0-0 12. Rc1 a5 13. Re1 Rb8 14. Rc2 Nb6 15. Ba2 Ba6 16. Nb1 Qc7 17. Qd2 Nbd7 18. Rec1 Rfc8 19. Nc3 Qd8 20. e4 g5 21. Bg3 Nh5 22. Qe3 Nxg3 23. hxg3 c5 24. dxc5 Rxc5 25. Nd4 e6 26. Rd1 Nb6 27. Nb3 Rcc8 1/2-1/2

[Event "ESP-chT Div 2"]
[Site "Cala Galdana"]
[Date "1999.11.15"]
[Round "8"]
[White "Barrero Garcia, Carlos"]
[Black "Zlotnik, Boris A"]
[Result "1/2-1/2"]
[WhiteElo "2314"]
[BlackElo "2408"]
[PlyCount "22"]
[EventDate "1999.11.08"]
[EventType "team"]
[EventRounds "9"]
[EventCountry "ESP"]
[SourceTitle "CBM 073 Extra"]
[Source "ChessBase"]
[SourceDate "2000.01.11"]
[SourceVersion "1"]
[SourceVersionDate "2000.01.11"]
[SourceQuality "1"]

1. c4 e6 2. g3 Nf6 3. Nf3 b6 4. Bg2 Bb7 5. 0-0 Be7 6. Nc3 0-0 7. Re1 d5 8. cxd5 exd5 9. d4 Na6 10. Bf4 c6 11. Rc1 Nc7 1/2-1/2

[Event "ESP-chT Div 2"]
[Site "Cala Galdana"]
[Date "1999.11.14"]
[Round "7"]
[White "Zlotnik, Boris A"]
[Black "Veingold, Aleksandr"]
[Result "1-0"]
[WhiteElo "2408"]
[BlackElo "2460"]
[PlyCount "80"]
[EventDate "1999.11.08"]
[EventType "team"]
[EventRounds "9"]
[EventCountry "ESP"]
[SourceTitle "CBM 073 Extra"]
[Source "ChessBase"]
[SourceDate "2000.01.11"]
[SourceVersion "1"]
[SourceVersionDate "2000.01.11"]
[SourceQuality "1"]

1. d4 Nf6 2. c4 e6 3. Nc3 Bb4 4. Qc2 0-0 5. a3 Bxc3+ 6. Qxc3 b6 7. Nf3 Bb7 8. e3 d6 9. b3 Nbd7 10. Bb2 Ne4 11. Qc2 f5 12. Be2 Ng5 13. d5 Nxf3+ 14. Bxf3 Ne5 15. 0-0-0 Qe7 16. Rhg1 Rad8 17. h3 a5 18. a4 Rd7 19. dxe6 Nxf3 20. gxf3 Qxe6 21. Qc3 Qh6 22. f4 Bf3 23. Rde1 Bh5 24. Qd4 Bg6 25. Qd5+ Rdf7 26. Qf3 Bh5 27. Qd5 Bg6 28. Rg5 Qh4 29. Qf3 Re8 30. Reg1 Re4 31. Qg3 Qxg3 32. R1xg3 d5 33. cxd5 Rd7 34. h4 Rxd5 35. h5 b5 36. axb5 Rxb5 37. hxg6 h6 38. Rh5 Rxb3 39. Bd4 c5 40. Be5 a4 1-0

[Event "Lalin op"]
[Site "Lalin"]
[Date "1994.??.??"]
[Round "4"]
[White "Zlotnik, Boris A"]
[Black "Lima, Darcy Gustavo Macha"]
[Result "0-1"]
[WhiteElo "2435"]
[BlackElo "2500"]
[PlyCount "102"]
[EventDate "1994.??.??"]
[EventType "swiss"]
[EventRounds "9"]
[EventCountry "ESP"]
[SourceTitle "EXT 2002"]
[Source "ChessBase"]
[SourceDate "2001.11.25"]
[SourceVersion "1"]
[SourceVersionDate "2001.11.25"]
[SourceQuality "1"]

1. c4 e5 2. g3 Nf6 3. Bg2 d5 4. cxd5 Nxd5 5. Nc3 Ne7 6. Nf3 Nbc6 7. b4 a6 8. Rb1 g6 9. 0-0 Bg7 10. d3 0-0 11. a4 h6 12. b5 axb5 13. axb5 Nd4 14. Nd2 g5 15. Bb2 Ng6 16. e3 Ne6 17. Qc2 f5 18. Ra1 Rb8 19. Nc4 Rf7 20. Rfd1 Bd7 21. Ra7 g4 22. Na5 Qg5 23. Nxb7 Qh5 24. b6 Bc8 25. Nd8 Ng5 26. Nxf7 Nf3+ 27. Bxf3 gxf3 28. Kh1 Rxb6 29. Rxc7 Be6 30. Nd8 Bb3 31. Qc1 Bf7 32. Na4 Rb4 33. Nc5 Nf8 34. d4 e4 35. Bc3 Rc4 36. Na6 Nh7 37. Qb2 Rxc7 38. Qb8 Bf8 39. Qxc7 Nf6 40. Qf4 Ng4 41. h4 Nxf2+ 42. Kh2 Ng4+ 43. Kh1 Nf2+ 44. Kh2 Ng4+ 45. Kh1 Nf2+ 46. Kh2 Ng4+ 47. Kh1 Qg6 48. Rb1 Qxa6 49. Qxf5 Nxe3 50. Qxe4 Qe2 51. Rb2 f2 0-1

[Event "Lalin op"]
[Site "Lalin"]
[Date "1994.??.??"]
[Round "8"]
[White "Zlotnik, Boris A"]
[Black "Paramos Dominguez, Roberto"]
[Result "1-0"]
[WhiteElo "2435"]
[BlackElo "2365"]
[PlyCount "91"]
[EventDate "1994.??.??"]
[EventType "swiss"]
[EventRounds "9"]
[EventCountry "ESP"]
[SourceTitle "EXT 2002"]
[Source "ChessBase"]
[SourceDate "2001.11.25"]
[SourceVersion "1"]
[SourceVersionDate "2001.11.25"]
[SourceQuality "1"]

1. d4 Nf6 2. Nf3 g6 3. c4 Bg7 4. Nc3 0-0 5. e4 d6 6. Be2 e5 7. d5 a5 8. Bg5 h6 9. Bh4 Na6 10. Nd2 Qe8 11. 0-0 Nh7 12. a3 Bd7 13. Nb5 h5 14. f3 Bh6 15. Kh1 Qb8 16. Rb1 c6 17. Nc3 c5 18. Bd3 Bg5 19. Bxg5 Nxg5 20. g3 Nh7 21. f4 Bh3 22. Rf2 Nf6 23. Qc2 Ng4 24. Rf3 Qe8 25. Ne2 Nf6 26. Ng1 Bg4 27. Rf2 Qe7 28. Rbf1 Bd7 29. Ngf3 Ng4 30. Re2 f6 31. Nh4 Qh7 32. Ng2 Rae8 33. h3 Nh6 34. Kh2 Qg7 35. Ree1 Nc7 36. Qb3 Bc8 37. f5 Na8 38. Qd1 gxf5 39. exf5 b5 40. Qxh5 Nb6 41. cxb5 Nf7 42. Ne3 Bb7 43. Be4 Ng5 44. Bg2 Qd7 45. h4 Re7 46. Qg4 1-0

[Event "Ceuta"]
[Site "Ceuta"]
[Date "1994.??.??"]
[Round "9"]
[White "Zlotnik, Boris A"]
[Black "Rivas Pastor, Manuel"]
[Result "0-1"]
[WhiteElo "2435"]
[BlackElo "2505"]
[PlyCount "62"]
[EventDate "1994.??.??"]
[EventType "tourn"]
[EventRounds "9"]
[EventCountry "ESP"]
[SourceTitle "EXT 2004"]
[Source "ChessBase"]
[SourceDate "2003.11.25"]
[SourceVersion "1"]
[SourceVersionDate "2003.11.25"]
[SourceQuality "1"]

1. d4 Nf6 2. c4 e6 3. Nc3 Bb4 4. Qc2 c5 5. dxc5 Na6 6. Nf3 Nxc5 7. Bd2 0-0 8. e3 b6 9. Be2 Ba6 10. a3 Bxc3 11. Bxc3 Rc8 12. 0-0 Nfe4 13. Bd4 Nd6 14. Rac1 Ncb7 15. b3 Nf5 16. Ba1 f6 17. e4 Ne7 18. Qa2 Nc5 19. e5 f5 20. Nd4 Ng6 21. b4 Ne4 22. Rfd1 Qh4 23. g3 Qh6 24. Nf3 Bb7 25. Qb3 f4 26. g4 Qh3 27. Rxd7 Nh4 28. Nxh4 Qxb3 29. Rxb7 Qa2 30. Bf3 Qxf2+ 31. Kh1 Ng5 0-1

[Event "Naron op"]
[Site "Naron"]
[Date "1993.??.??"]
[Round "?"]
[White "Lorenzo Duran, Marcos"]
[Black "Zlotnik, Boris A"]
[Result "0-1"]
[WhiteElo "2160"]
[BlackElo "2445"]
[PlyCount "62"]
[EventDate "1993.??.??"]
[EventType "swiss"]
[EventRounds "9"]
[EventCountry "ESP"]
[SourceTitle "EXT 2004"]
[Source "ChessBase"]
[SourceDate "2003.11.25"]
[SourceVersion "1"]
[SourceVersionDate "2003.11.25"]
[SourceQuality "1"]

1. e4 e6 2. d4 d5 3. Nc3 Bb4 4. Nge2 dxe4 5. a3 Be7 6. Nxe4 Nf6 7. N2g3 Nc6 8. Bb5 Nxe4 9. Nxe4 Qd5 10. Qd3 f5 11. Ng3 Qxg2 12. Bf4 Bd6 13. Qe3 Bxf4 14. Qxf4 0-0 15. 0-0-0 Qd5 16. c4 Qd6 17. Qg5 Qe7 18. Qxe7 Nxe7 19. Rhe1 c6 20. Ba4 Kf7 21. Bb3 Rd8 22. Ne2 g5 23. Ng1 Kf6 24. Nf3 Ng6 25. c5 Bd7 26. Ne5 Nf4 27. Nc4 Be8 28. Nd6 Bh5 29. Rd2 b6 30. Ba4 Bf3 31. b4 a5 0-1